Vplyv ESG na záujem a cenu digitálnych aktív a digitálnych produktov diplomová práca

Gespeichert in:
Bibliographische Detailangaben
1. Verfasser: Kurtiniaková, Alexandra
Körperschaft: Národohospodárska fakulta EU. Katedra financií
Weitere Verfasser: Péliová, Jana, 1976-
Format: Buch
Sprache:Slowakisch
Veröffentlicht: Bratislava 2025
Tags: Tag hinzufügen
Keine Tags, Fügen Sie das erste Tag hinzu!

MARC

LEADER 00000nbm a2200000 4500
001 0309377
005 20251016124209.4
041 0 |a slo 
044 |a SK 
245 1 0 |a Vplyv ESG na záujem a cenu digitálnych aktív a digitálnych produktov  |b diplomová práca  |c Alexandra Kurtiniaková ; školiteľ: Jana Péliová 
264 1 |a Bratislava  |c 2025 
300 |a 62 s. 
100 1 |a Kurtiniaková, Alexandra 
700 1 |a Péliová, Jana, 1976- 
710 2 |a Národohospodárska fakulta EU. Katedra financií